[Event "303rd YMCA Spring D"]
[Site "Warsaw"]
[Date "2025.04.22"]
[Round "1"]
[White "Kumik, Michal"]
[Black "Szuszkiewicz, Stanislaw"]
[Result "0-1"]
[WhiteElo "1553"]
[BlackElo "1547"]
[PlyCount "77"]
[EventDate "2025.04.22"]
[EventType "tourn"]
[EventRounds "1"]
[EventCountry "POL"]
[SourceDate "2025.04.22"]

1. c4 e5 2. g3 Nf6 3. Bg2 d5 4. cxd5 Nxd5 5. Nc3 Nb6 6. Nf3 Nc6 7. O-O Be7 8.
d3 Be6 9. b3 Qd7 10. Bb2 O-O 11. Ne4 f6 12. Rc1 Rad8 13. Nc5 Bxc5 14. Rxc5 Bd5
15. Qd2 a6 16. Rfc1 Qe6 17. Qc3 Nd4 18. Nxd4 exd4 19. Bxd5 Rxd5 20. Qd2 Re5 21.
Rxe5 Qxe5 22. f4 Qd6 23. Qa5 Re8 24. Kf2 Qe6 25. Rc2 Qe3+ 26. Kf1 Re7 27. Qc5
Rd7 28. a4 Qe6 29. Ba3 h6 30. Rb2 Nd5 31. Kg1 Ne3 32. Qh5 Qc6 33. Qh3 g5 34.
fxg5 fxg5 35. g4 Qc1+ 36. Kf2 Rf7+ 37. Qf3 Qf1+ 38. Kg3 Qe1+ 39. Kh3 0-1

[Event "303rd YMCA Spring D"]
[Site "Warsaw"]
[Date "2025.04.22"]
[Round "1"]
[White "Knotek, Wiktor"]
[Black "Momot, Glib"]
[Result "0-1"]
[WhiteElo "1562"]
[BlackElo "1608"]
[PlyCount "74"]
[EventDate "2025.04.22"]
[EventType "tourn"]
[EventRounds "1"]
[EventCountry "POL"]
[SourceDate "2025.04.22"]

1. c4 e5 2. Nc3 Nc6 3. Nf3 d6 4. g3 g6 5. Bg2 Bg7 6. e3 Nge7 7. O-O O-O 8. b3
a6 9. Bb2 Rb8 10. d4 exd4 11. Nxd4 Nxd4 12. exd4 b5 13. c5 dxc5 14. dxc5 Be6
15. Qe2 Nf5 16. Rad1 Qe7 17. Ne4 Rbd8 18. Bxg7 Nxg7 19. b4 Bc4 20. Qb2 Bxf1 21.
Rxf1 f5 22. Nd2 Qe2 23. Qb3+ Kh8 24. Nf3 Rd3 25. Re1 Qxe1+ 26. Nxe1 Rxb3 27.
axb3 Ne6 28. Kf1 Nd4 29. Bb7 a5 30. bxa5 Nxb3 31. Bc6 Nxc5 32. Bxb5 Ra8 33. Ke2
Rxa5 34. Bc4 Ne4 35. f3 Nd6 36. Bb3 c5 37. Nc2 c4 0-1

[Event "303rd YMCA Spring D"]
[Site "Warsaw"]
[Date "2025.04.22"]
[Round "1"]
[White "Fajks, Julian"]
[Black "Dabrowski, Leszek"]
[Result "1-0"]
[WhiteElo "1638"]
[BlackElo "1499"]
[PlyCount "55"]
[EventDate "2025.04.22"]
[EventType "tourn"]
[EventRounds "1"]
[EventCountry "POL"]
[SourceDate "2025.04.22"]

1. e4 d5 2. exd5 Nf6 3. d4 Bg4 4. f3 Bf5 5. g4 Bg6 6. c4 e6 7. g5 Nh5 8. f4 h6
9. dxe6 Nc6 10. f5 Bb4+ 11. Nc3 Qxd4 12. fxg6 Qh4+ 13. Ke2 Rd8 14. exf7+ Kf8
15. Nf3 Qxc4+ 16. Kf2 Bc5+ 17. Nd4 Bxd4+ 18. Kg2 Qe6 19. Qxh5 Ne5 20. Be2 Nxg6
21. Qg4 Qb6 22. h4 h5 23. Qf5 Ne5 24. Rd1 Rd7 25. Rxd4 Qxd4 26. Bf4 Ng6 27. Bg3
Rxf7 28. Qxg6 1-0

[Event "303rd YMCA Spring D"]
[Site "Warsaw"]
[Date "2025.04.22"]
[Round "1"]
[White "Jaworowski, Andre"]
[Black "Przybylik, Mariusz"]
[Result "0-1"]
[WhiteElo "1419"]
[BlackElo "1528"]
[PlyCount "64"]
[EventDate "2025.04.22"]
[EventType "tourn"]
[EventRounds "1"]
[EventCountry "POL"]
[SourceDate "2025.04.22"]

1. Nf3 d5 2. d4 Nf6 3. Bg5 Ne4 4. Bf4 c5 5. c4 dxc4 6. Qa4+ Nc6 7. Qxc4 Qa5+ 8.
Bd2 Nxd2 9. Nbxd2 cxd4 10. Nxd4 Nxd4 11. Qxd4 e5 12. Qd3 Be6 13. a3 Rd8 14. Qc3
Qxc3 15. bxc3 Be7 16. e4 O-O 17. Nf3 f6 18. Be2 Rc8 19. O-O Rxc3 20. a4 Bc4 21.
Bxc4+ Rxc4 22. Rfe1 Rfc8 23. h3 Rc2 24. Rf1 R8c4 25. Ne1 Rc1 26. Rxc1 Rxc1 27.
Nd3 Rc4 28. f3 Rxa4 29. Rc1 Rd4 30. Rc8+ Rd8 31. Rc7 Rxd3 32. Rxe7 Rb3 0-1

[Event "303rd YMCA Spring D"]
[Site "Warsaw"]
[Date "2025.04.24"]
[Round "1"]
[White "Florczak, Witold"]
[Black "Kozera, Konrad"]
[Result "0-1"]
[WhiteElo "1494"]
[BlackElo "1507"]
[PlyCount "106"]
[EventDate "2025.04.22"]
[EventType "tourn"]
[EventRounds "1"]
[EventCountry "POL"]
[SourceDate "2025.04.22"]

1. e4 e6 2. d4 d5 3. Nc3 Nf6 4. e5 Ng8 5. a3 c5 6. Nf3 Nc6 7. Be3 cxd4 8. Bxd4
Nge7 9. Bc5 b6 10. Bd6 Ng6 11. Bxf8 Rxf8 12. Bb5 Qc7 13. O-O a6 14. Bxc6+ Qxc6
15. Re1 Bb7 16. Qd3 Nf4 17. Qd2 Ng6 18. h4 h6 19. Ne2 Qc4 20. Ned4 Ne7 21. Qf4
O-O-O 22. Nd2 Qc7 23. c4 Kb8 24. Rac1 g5 25. hxg5 hxg5 26. Qe3 Qd7 27. c5 b5
28. N2b3 Nc6 29. Nxc6+ Bxc6 30. Na5 d4 31. Qxd4 Bd5 32. c6 Qc7 33. Qb4 Ka8 34.
a4 Qb6 35. axb5 Rh8 36. c7 Rc8 37. Nb3 Qxb5 38. Qxb5 axb5 39. Na5 Ka7 40. Rc5
Kb6 41. b4 Rh4 42. Rb1 Re4 43. f3 Rxe5 44. Kf2 Rxc7 45. Rxc7 Kxc7 46. Nb3 Kb6
47. Nc5 Bc6 48. Ra1 Kc7 49. Ra7+ Kd6 50. Rxf7 Rf5 51. Rxf5 exf5 52. Ke3 Kd5 53.
g3 Kc4 $138 0-1

[Event "303rd YMCA Spring D"]
[Site "Warsaw"]
[Date "2025.04.29"]
[Round "2"]
[White "Szuszkiewicz, Stanislaw"]
[Black "Chojnacki, Grzegorz"]
[Result "1/2-1/2"]
[WhiteElo "1547"]
[BlackElo "1466"]
[PlyCount "68"]
[EventDate "2025.04.22"]
[EventType "tourn"]
[EventRounds "1"]
[EventCountry "POL"]
[SourceDate "2025.04.22"]

1. e4 e6 2. d4 d5 3. exd5 exd5 4. Bd3 c5 5. c3 Nc6 6. Ne2 Nf6 7. O-O cxd4 8.
Nxd4 Nxd4 9. cxd4 Be7 10. Re1 O-O 11. Bf4 Be6 12. Qb3 Qa5 13. Nc3 Qb4 14. Qxb4
Bxb4 15. a3 Ba5 16. b4 Bb6 17. Ne2 Rac8 18. Rec1 a6 19. a4 Bd7 20. b5 axb5 21.
axb5 Rfe8 22. Bd6 Ne4 23. Bb4 Bc7 24. f3 Bd6 25. fxe4 Rxc1+ 26. Rxc1 dxe4 27.
Bxd6 exd3 28. Nc3 d2 29. Rc2 Re2 30. Rb2 d1=R+ 31. Nxd1 Re1+ 32. Kf2 Rxd1 33.
Bc5 f6 34. b6 Bc6 $11 1/2-1/2

[Event "303rd YMCA Spring D"]
[Site "Warsaw"]
[Date "2025.05.14"]
[Round "2"]
[White "Przybylik, Mariusz"]
[Black "Florczak, Witold"]
[Result "1-0"]
[WhiteElo "1528"]
[BlackElo "1494"]
[PlyCount "174"]
[EventDate "2025.04.22"]
[EventType "tourn"]
[EventRounds "1"]
[EventCountry "POL"]
[SourceDate "2025.04.22"]

1. d4 Nf6 2. Nf3 g6 3. c4 Bg7 4. Nc3 O-O 5. e4 d6 6. Be2 Nbd7 7. O-O e5 8. dxe5
Nxe5 9. Nxe5 dxe5 10. Qa4 Bd7 11. Qb4 Bc6 12. Bg5 h6 13. Rfd1 Qc8 14. Bxf6 Bxf6
15. Nd5 Bd8 16. Rd3 Re8 17. Rad1 Qe6 18. Rh3 Kg7 19. Qd2 Rh8 20. Rg3 Rc8 21.
Bg4 Qe8 22. Bxc8 Bg5 23. Qc3 Bxd5 24. cxd5 Qxc8 25. Qc5 a6 26. Rc3 Bd8 27. d6
c6 28. d7 Qc7 29. Rb3 Bf6 30. Qa7 Rb8 31. Qb6 Bd8 32. Qxc7 Bxc7 33. Rbd3 Rd8
34. b4 Kf6 35. a4 Ke7 36. g4 Ke6 37. Kg2 Ke7 38. h4 Ke6 39. b5 axb5 40. axb5
cxb5 41. Rb3 Bd6 42. Rxb5 Rxd7 43. Rdb1 Ke7 44. Rxb7 Ke6 45. Rxd7 Kxd7 46. Ra1
Be7 47. Ra6 Bf8 48. Kg3 Bg7 49. f4 Ke7 50. fxe5 Bxe5+ 51. Kf3 Kf8 52. h5 Kg7
53. Ra7 Kf6 54. Ra6+ Kg5 55. hxg6 fxg6 56. Ra8 Kf6 57. Ra6+ Kg5 58. Ra5 Kf6 59.
Ra6+ Kg5 60. Ra8 Kf6 61. Re8 Bd6 62. Rh8 Kg5 63. Rd8 Be5 64. Rf8 Bd6 65. Rf7
Be5 66. Rb7 Kf6 67. Rb5 Bc3 68. Kg3 Be5+ 69. Kh4 Bf4 70. Rb6+ Kf7 71. Rc6 Kg7
72. Rc8 Kf7 73. Rc5 Kf6 74. Rb5 Be5 75. Kh3 Bf4 76. Kg2 Be5 77. Kf3 Bc3 78. Ke3
Be5 79. Rd5 Ke6 80. Kd3 Bf6 81. Rb5 Be5 82. Rb6+ Kf7 83. Kc4 Bg3 84. Kd5 h5 85.
gxh5 gxh5 86. e5 h4 87. Rb3 Bf4 1-0

[Event "303rd YMCA Spring D"]
[Site "Warsaw"]
[Date "2025.04.29"]
[Round "2"]
[White "Dabrowski, Leszek"]
[Black "Jaworowski, Andre"]
[Result "1-0"]
[WhiteElo "1499"]
[BlackElo "1419"]
[PlyCount "47"]
[EventDate "2025.04.22"]
[EventType "tourn"]
[EventRounds "1"]
[EventCountry "POL"]
[SourceDate "2025.04.22"]

1. e4 d5 2. exd5 Qxd5 3. Nc3 Qa5 4. d4 c6 5. Bd2 Qc7 6. Nf3 Nf6 7. Bd3 Bg4 8.
Ne4 Nbd7 9. c4 e5 10. Qe2 Bxf3 11. gxf3 O-O-O 12. Nxf6 gxf6 13. d5 c5 14. a3 a5
15. b4 cxb4 16. axb4 axb4 17. Ra8+ Nb8 18. Bf5+ Rd7 19. Be3 b6 20. Qa2 Bc5 21.
Qa4 Bxe3 22. Bxd7+ Qxd7 23. Rxb8+ Kc7 24. Rb7+ 1-0

[Event "303rd YMCA Spring D"]
[Site "Warsaw"]
[Date "2025.04.29"]
[Round "2"]
[White "Momot, Glib"]
[Black "Fajks, Julian"]
[Result "1/2-1/2"]
[WhiteElo "1608"]
[BlackElo "1638"]
[PlyCount "77"]
[EventDate "2025.04.22"]
[EventType "tourn"]
[EventRounds "1"]
[EventCountry "POL"]
[SourceDate "2025.04.22"]

1. e4 c5 2. c3 Nf6 3. e5 Nd5 4. d4 cxd4 5. Nf3 e6 6. cxd4 Bb4+ 7. Bd2 Bxd2+ 8.
Nbxd2 Nc6 9. Nc4 O-O 10. g3 b6 11. Nd6 a5 12. a3 Ba6 13. Bxa6 Rxa6 14. Qd3 Ra8
15. h4 f6 16. Ne4 b5 17. O-O b4 18. exf6 gxf6 19. Rac1 Qb6 20. Nc5 Ra7 21. Rfe1
Nce7 22. Kh2 Rb8 23. Nd2 Qd8 24. Nde4 Raa8 25. Qd2 Kg7 26. Nd6 Rb6 27. Nc4 Rc6
28. Re4 h5 29. Ree1 Nf5 30. Ne3 Nfe7 31. Nxd5 Nxd5 32. Qe2 Qe8 33. Qf3 Rac8 34.
Qe4 Qf7 35. Qd3 bxa3 36. bxa3 Rb8 37. Qe4 Rbc8 38. Qf3 R8c7 39. Qe4 1/2-1/2

[Event "303rd YMCA Spring D"]
[Site "Warsaw"]
[Date "2025.04.29"]
[Round "2"]
[White "Kumik, Michal"]
[Black "Knotek, Wiktor"]
[Result "1-0"]
[WhiteElo "1553"]
[BlackElo "1562"]
[PlyCount "115"]
[EventDate "2025.04.22"]
[EventType "tourn"]
[EventRounds "1"]
[EventCountry "POL"]
[SourceDate "2025.04.22"]

1. c4 Nf6 2. Nc3 e6 3. g3 d5 4. cxd5 exd5 5. d4 c6 6. Bg2 Be7 7. e3 Bf5 8. Nge2
Nbd7 9. O-O O-O 10. b3 Re8 11. a4 Qc7 12. Ba3 Bxa3 13. Rxa3 Qd6 14. Ra2 a6 15.
Qd2 Qb4 16. Rb2 b5 17. Rc1 Rac8 18. h3 h6 19. Nf4 Qd6 20. Nd3 Ne4 21. Nxe4 Bxe4
22. Nc5 Nxc5 23. Rxc5 Re6 24. Bxe4 dxe4 25. Rbc2 Qe7 26. Qa5 Qb7 27. axb5 axb5
28. d5 Rd6 29. dxc6 Rdxc6 30. Rxb5 Qxb5 31. Qxb5 Rxc2 32. Qe5 Rc1+ 33. Kg2 Rb1
34. Qxe4 Rxb3 35. g4 Rbc3 36. Kg3 Rc1 37. Kg2 R1c4 38. Qe5 Rc2 39. h4 R2c5 40.
Qe4 Rc4 41. Qf3 R8c6 42. Kg3 Rg6 43. h5 Rgxg4+ 44. Qxg4 Rxg4+ 45. Kxg4 $11 Kf8
46. Kf5 Ke7 47. e4 Kd6 48. f4 Ke7 49. e5 Kf8 50. Kg4 Ke7 51. f5 Kd7 52. Kf4 Ke7
53. Ke4 Kd7 54. Kd5 Ke7 55. Kc6 Kd8 56. Kd6 Ke8 57. e6 f6 58. e7 1-0

[Event "303rd YMCA Spring D"]
[Site "Warsaw"]
[Date "2025.05.06"]
[Round "3"]
[White "Knotek, Wiktor"]
[Black "Szuszkiewicz, Stanislaw"]
[Result "0-1"]
[WhiteElo "1562"]
[BlackElo "1547"]
[PlyCount "82"]
[EventDate "2025.04.22"]
[EventType "tourn"]
[EventRounds "1"]
[EventCountry "POL"]
[SourceDate "2025.04.22"]

1. e4 e5 2. d4 exd4 3. c3 d5 4. exd5 Qxd5 5. cxd4 c5 6. Nf3 cxd4 7. Nxd4 Bc5 8.
Be3 Bxd4 9. Qxd4 Qxd4 10. Bxd4 f6 11. Bc4 Nc6 12. Bc3 Bf5 13. O-O O-O-O 14. Nd2
Nge7 15. Rfe1 Nd5 16. Nf3 Nxc3 17. bxc3 Rhe8 18. Kf1 Rxe1+ 19. Nxe1 Ne5 20. Be2
Rd2 21. a4 Nd3 22. Nxd3 Bxd3 23. Bxd3 Rxd3 24. Ra3 Rd2 25. g3 Kc7 26. Kg2 Kc6
27. a5 Kc5 28. Rb3 b6 29. axb6 axb6 30. Kf3 b5 31. Ke3 Rc2 32. h4 h5 33. f3 g5
34. Ke4 Rg2 35. hxg5 fxg5 36. f4 Rxg3 37. f5 Rg4+ 38. Ke5 h4 39. f6 Rf4 40. Rb4
Rf1 41. Rg4 h3 0-1

[Event "303rd YMCA Spring D"]
[Site "Warsaw"]
[Date "2025.05.06"]
[Round "3"]
[White "Fajks, Julian"]
[Black "Kumik, Michal"]
[Result "1-0"]
[WhiteElo "1638"]
[BlackElo "1553"]
[PlyCount "109"]
[EventDate "2025.04.22"]
[EventType "tourn"]
[EventRounds "1"]
[EventCountry "POL"]
[SourceDate "2025.04.22"]

1. e4 c6 2. d4 d5 3. e5 c5 4. dxc5 Nc6 5. Nf3 Bg4 6. Bb5 e6 7. Be3 a6 8. Ba4
Qa5+ 9. c3 Bxc5 10. Bxc6+ bxc6 11. b4 Bxb4 12. cxb4 Qxb4+ 13. Nbd2 Ne7 14. O-O
O-O 15. Rb1 Qa5 16. Nb3 Qc7 17. Bc5 Rfe8 18. Bd6 Qd8 19. Nbd4 Rc8 20. Rc1 Qb6
21. Qc2 Bxf3 22. Nxf3 Nf5 23. Qc5 Qb7 24. Rb1 Qd7 25. Rb6 Nxd6 26. exd6 Red8
27. Ne5 Qxd6 28. Qxd6 Rxd6 29. Rc1 f6 30. Rcxc6 Rdxc6 31. Nxc6 Kf8 32. Kf1 a5
33. a4 e5 34. Rb8 Rxb8 35. Nxb8 Ke7 36. Nc6+ Kd6 37. Nxa5 Kc5 38. Nb3+ Kb4 39.
a5 Kb5 40. Ke2 d4 41. Kd3 f5 42. f4 e4+ 43. Kxd4 g6 44. Nd2 Kxa5 45. Nxe4 Kb6
46. Nf6 h6 47. Ng8 Kc6 48. Ne7+ Kd6 49. Nxg6 Ke6 50. Ne5 h5 51. h4 Kd6 52. Nc4+
Ke6 53. Kc5 Ke7 54. Kd5 Kf6 55. Kd6 1-0

[Event "303rd YMCA Spring D"]
[Site "Warsaw"]
[Date "2025.05.08"]
[Round "3"]
[White "Florczak, Witold"]
[Black "Dabrowski, Leszek"]
[Result "0-1"]
[WhiteElo "1494"]
[BlackElo "1499"]
[PlyCount "96"]
[EventDate "2025.04.22"]
[EventType "tourn"]
[EventRounds "1"]
[EventCountry "POL"]
[SourceDate "2025.04.22"]

1. e4 d5 2. exd5 Nf6 3. d4 Bg4 4. f3 Bf5 5. Bb5+ Nbd7 6. Nc3 a6 7. Ba4 b5 8.
Bb3 Nb6 9. Nge2 Nbxd5 10. Nxd5 Nxd5 11. O-O e6 12. Ng3 Bg6 13. f4 c5 14. f5 c4
15. fxg6 hxg6 16. Qf3 Ra7 17. Ne4 Qh4 18. h3 f5 19. Ng5 Qxd4+ 20. Kh1 Qe5 21.
Bf4 Qxf4 22. Qxf4 Nxf4 23. Rxf4 e5 24. Re1 Re7 25. Rff1 Rh5 26. Nf3 e4 27. Nd4
Rd7 28. c3 cxb3 29. axb3 Bc5 30. Nf3 e3 31. Re2 f4 32. b4 Bb6 33. Rc1 g5 34.
Kg1 Kd8 35. Kf1 g4 36. hxg4 Rh1+ 37. Ng1 Rf7 38. Ree1 Rd7 39. Rcd1 Rd2 40.
Rxd2+ exd2 41. Rd1 Rxg1+ 42. Ke2 Rxd1 43. Kxd1 Be3 44. g5 g6 45. b3 Ke7 46. c4
bxc4 47. bxc4 Kd6 48. Kc2 Kc6 0-1

[Event "303rd YMCA Spring D"]
[Site "Warsaw"]
[Date "2025.05.06"]
[Round "3"]
[White "Chojnacki, Grzegorz"]
[Black "Kozera, Konrad"]
[Result "0-1"]
[WhiteElo "1466"]
[BlackElo "1507"]
[PlyCount "58"]
[EventDate "2025.04.22"]
[EventType "tourn"]
[EventRounds "1"]
[EventCountry "POL"]
[SourceDate "2025.04.22"]

1. e4 c5 2. c3 d5 3. exd5 Qxd5 4. Nf3 Nc6 5. Na3 Bg4 6. Be2 Nf6 7. h3 Bh5 8.
O-O O-O-O 9. Bc4 Qd7 10. Re1 g5 11. Be2 Rg8 12. Nc4 g4 13. Nfe5 Nxe5 14. Nxe5
Qf5 15. hxg4 Nxg4 16. Nxg4 Bxg4 17. Bxg4 Rxg4 18. Re3 Bh6 19. Rh3 Rdg8 20. Rg3
Rxg3 21. fxg3 Rxg3 22. d4 Qe4 23. Qf1 Bxc1 24. Rxc1 Qe3+ 25. Kh1 Rg5 26. Qd1
Rg6 27. g4 Qh3+ 28. Kg1 Rxg4+ 29. Kf2 Rg2+ 0-1

[Event "303rd YMCA Spring D"]
[Site "Warsaw"]
[Date "2025.05.15"]
[Round "4"]
[White "Szuszkiewicz, Stanislaw"]
[Black "Kozera, Konrad"]
[Result "0-1"]
[WhiteElo "1547"]
[BlackElo "1507"]
[PlyCount "116"]
[EventDate "2025.04.22"]
[EventType "tourn"]
[EventRounds "1"]
[EventCountry "POL"]
[SourceDate "2025.04.22"]

1. e4 e6 2. d4 d5 3. exd5 exd5 4. Bd3 Nc6 5. c3 Bd6 6. h3 Nge7 7. Nf3 Bf5 8. a4
Qd7 9. Nh4 Bxd3 10. Qxd3 O-O-O 11. O-O f6 12. b4 g5 13. Nf3 g4 14. hxg4 Qxg4
15. Nh2 Bxh2+ 16. Kxh2 Rhg8 17. Qh3 f5 18. Qxg4 fxg4 19. a5 Rdf8 20. b5 Nd8 21.
Ba3 g3+ 22. Kg1 gxf2+ 23. Rxf2 Rxf2 24. Kxf2 Nf5 25. Nd2 Ne6 26. Nf3 Nf4 27.
Rg1 Ng3 28. Ne1 Nfe2 29. Bb4 Nxg1 30. Kxg1 Ne4 31. Nf3 Kd7 32. Ne5+ Ke6 33. Kh2
Nd6 34. Nd3 Kf5 35. b6 Nb5 36. Ne5 axb6 37. axb6 cxb6 38. Nd7 Rg6 39. Ne5 Rg7
40. Kg1 Rc7 41. Kf2 Nxc3 42. Bf8 Ne4+ 43. Ke3 Rc3+ 44. Nd3 Nf2 45. Kxf2 Rxd3
46. Bg7 Ke4 47. Ke2 b5 48. Bf8 Rxd4 49. Ba3 b4 50. Bb2 Rc4 51. Kd2 d4 52. g4 b3
53. Bc1 d3 54. g5 Rc2+ 55. Kd1 b2 56. Bxb2 Rxb2 57. g6 hxg6 58. Kc1 Rc2+ 0-1

[Event "303rd YMCA Spring D"]
[Site "Warsaw"]
[Date "2025.05.13"]
[Round "4"]
[White "Przybylik, Mariusz"]
[Black "Chojnacki, Grzegorz"]
[Result "1-0"]
[WhiteElo "1528"]
[BlackElo "1466"]
[PlyCount "117"]
[EventDate "2025.04.22"]
[EventType "tourn"]
[EventRounds "1"]
[EventCountry "POL"]
[SourceDate "2025.04.22"]

1. d4 e5 2. dxe5 d6 3. e4 Nc6 4. Nf3 Bg4 5. Bb5 Qd7 6. Nc3 dxe5 7. Qxd7+ Bxd7
8. Bxc6 Bxc6 9. Nxe5 Ne7 10. Bf4 Ng6 11. Nxg6 fxg6 12. Bxc7 Bb4 13. f3 O-O 14.
O-O-O Bxc3 15. bxc3 Rfc8 16. Be5 Re8 17. Bd4 Re6 18. Rd2 Be8 19. Rhd1 Ra6 20.
Kb2 Bf7 21. a3 Be6 22. Bc5 h6 23. f4 Rc6 24. Rd8+ Rxd8 25. Rxd8+ Kh7 26. Bxa7
h5 27. Bd4 Rc7 28. e5 b5 29. Rd6 Bc4 30. Rb6 Rf7 31. g3 Rf8 32. Rb7 Re8 33. Rc7
Re6 34. a4 Ra6 35. axb5 Bxb5 36. c4 Ba4 37. Ra7 Rxa7 38. Bxa7 Kg8 39. Ka3 Bd7
40. Kb4 Kf7 41. Kc5 Ke6 42. Kb6 Ba4 43. c3 Kd7 44. c5 Kc8 45. c6 Bb3 46. c7 Bf7
47. Bb8 Be6 48. Kc6 Bd7+ 49. Kd6 Be8 50. Ke7 Bc6 51. e6 Bd5 52. Kf7 Kb7 53. Ke7
Kc8 54. Kd6 Bb3 55. Ba7 Ba4 56. Bd4 Be8 57. Bxg7 Kb7 58. Ke7 Ba4 59. Kd8 1-0

[Event "303rd YMCA Spring D"]
[Site "Warsaw"]
[Date "2025.05.15"]
[Round "4"]
[White "Momot, Glib"]
[Black "Florczak, Witold"]
[Result "1-0"]
[WhiteElo "1608"]
[BlackElo "1494"]
[PlyCount "112"]
[EventDate "2025.04.22"]
[EventType "tourn"]
[EventRounds "1"]
[EventCountry "POL"]
[SourceDate "2025.04.22"]

1. e4 c6 2. d4 d5 3. exd5 cxd5 4. Bd3 Nc6 5. c3 Nf6 6. h3 g6 7. Nf3 Bf5 8. Bf4
Bxd3 9. Qxd3 Bg7 10. Nbd2 a6 11. O-O O-O 12. Rfe1 e6 13. Ne5 Rc8 14. Qf3 Nh5
15. Bh2 Nf6 16. Nd3 b5 17. Nc5 a5 18. Qd3 b4 19. a3 Nd7 20. axb4 axb4 21. Ndb3
bxc3 22. bxc3 Nb6 23. Ra6 Nc4 24. Qe2 N6a5 25. Nxa5 Nxa5 26. Rb1 Nc4 27. Rb7
Ra8 28. Qa2 Rxa6 29. Qxa6 Qa5 30. Qxa5 Nxa5 31. Ra7 Nc4 32. Bc7 Bh6 33. f4 Bg7
34. Kf2 Bf6 35. Nd7 Be7 36. Nxf8 Kxf8 37. Ke2 h5 38. Be5 f6 39. Bc7 Bd6 40.
Bxd6+ Nxd6 41. Kd3 Nc4 42. Rd7 Nb2+ 43. Ke2 Nc4 44. g4 hxg4 45. hxg4 f5 46. g5
Nb6 47. Rd6 Na4 48. Rxe6 Kf7 49. Rf6+ Kg7 50. Rc6 Nb2 51. Rc7+ Kf8 52. Rc5 Na4
53. Rc6 Kf7 54. Kd2 Nb2 55. Rc7+ Kf8 56. Rd7 Na4 1-0

[Event "303rd YMCA Spring D"]
[Site "Warsaw"]
[Date "2025.05.13"]
[Round "4"]
[White "Knotek, Wiktor"]
[Black "Fajks, Julian"]
[Result "1-0"]
[WhiteElo "1562"]
[BlackElo "1638"]
[PlyCount "137"]
[EventDate "2025.04.22"]
[EventType "tourn"]
[EventRounds "1"]
[EventCountry "POL"]
[SourceDate "2025.04.22"]

1. Nf3 Nf6 2. c4 e6 3. b3 b6 4. Bb2 Bb7 5. g3 a5 6. Nc3 Bb4 7. Bg2 Bxc3 8. Bxc3
d6 9. d3 Nbd7 10. e4 O-O 11. O-O e5 12. Ne1 Nc5 13. Nc2 Re8 14. Ne3 c6 15. Qc2
d5 16. exd5 cxd5 17. d4 exd4 18. Bxd4 Nce4 19. Bxf6 Qxf6 20. Nxd5 Bxd5 21. cxd5
Rac8 22. Qd1 Nc3 23. Qd3 b5 24. Rae1 Red8 25. a3 b4 26. axb4 axb4 27. Re3 g6
28. Rfe1 Kf8 29. h4 Rd6 30. Re5 Ra8 31. Qe3 Kg7 32. h5 Qd8 33. h6+ Kf8 34. Qd4
f6 35. Re6 Rxe6 36. Rxe6 Kf7 37. Qxb4 Rc8 38. Qb6 Nxd5 39. Qxd8 Rxd8 40. Ra6
Ne7 41. Rb6 Rd7 42. b4 Nf5 43. b5 Nxh6 44. Bc6 Re7 45. Bd5+ Kg7 46. Ra6 Nf7 47.
b6 Nd6 48. Ra7 Kf8 49. Rxe7 Kxe7 50. b7 Nxb7 51. Bxb7 f5 52. Kg2 Kf6 53. Kf3 h5
54. Bc6 Kg7 55. Be8 Kh7 56. Kf4 Kh6 57. Ke5 Kg5 58. f4+ Kh6 59. Kf6 h4 60. gxh4
Kh7 61. Bxg6+ Kh6 62. Kxf5 Kg7 63. Kg5 Kh8 64. Kf6 Kg8 65. Ke7 Kh8 66. f5 Kg8
67. f6 Kh8 68. h5 Kg8 69. f7+ 1-0

[Event "303rd YMCA Spring D"]
[Site "Warsaw"]
[Date "2025.05.29"]
[Round "5"]
[White "Fajks, Julian"]
[Black "Szuszkiewicz, Stanislaw"]
[Result "0-1"]
[WhiteElo "1638"]
[BlackElo "1547"]
[PlyCount "54"]
[EventDate "2025.04.22"]
[EventType "tourn"]
[EventRounds "1"]
[EventCountry "POL"]
[SourceDate "2025.04.22"]

1. e4 e5 2. Nf3 Nf6 3. Nc3 Nc6 4. Bb5 Bb4 5. O-O d6 6. d4 exd4 7. Nxd4 Bd7 8.
Nd5 Nxd5 9. exd5 Ne5 10. Bxd7+ Qxd7 11. c3 Bc5 12. f4 Ng6 13. f5 Ne5 14. f6
gxf6 15. b4 Bb6 16. a4 a5 17. Be3 O-O-O 18. bxa5 Bxa5 19. Qb3 Rhg8 20. Rab1 b6
21. Rf5 Rg4 22. Rbf1 Rdg8 23. R1f2 Nd3 24. Qc4 Nc5 25. Rxf6 Qxa4 26. Qxa4 Nxa4
27. Rxf7 Nxc3 0-1

[Event "303rd YMCA Spring D"]
[Site "Warsaw"]
[Date "2025.05.22"]
[Round "5"]
[White "Florczak, Witold"]
[Black "Kumik, Michal"]
[Result "0-1"]
[WhiteElo "1494"]
[BlackElo "1553"]
[PlyCount "42"]
[EventDate "2025.04.22"]
[EventType "tourn"]
[EventRounds "1"]
[EventCountry "POL"]
[SourceDate "2025.04.22"]

1. e4 c5 2. c3 g6 3. d4 cxd4 4. cxd4 d5 5. e5 Nc6 6. Nf3 Bg4 7. h3 Bxf3 8. Qxf3
Nxd4 9. Qd3 Nc6 10. Bf4 e6 11. Be2 Bg7 12. Qe3 Nge7 13. O-O Nf5 14. Qc3 O-O 15.
Bb5 Nfd4 16. Bxc6 Nxc6 17. Re1 Rc8 18. Qg3 Nd4 19. Na3 Qb6 20. Be3 Qxb2 21.
Reb1 Ne2+ 0-1

[Event "303rd YMCA Spring D"]
[Site "Warsaw"]
[Date "2025.05.20"]
[Round "5"]
[White "Chojnacki, Grzegorz"]
[Black "Dabrowski, Leszek"]
[Result "0-1"]
[WhiteElo "1466"]
[BlackElo "1499"]
[PlyCount "114"]
[EventDate "2025.04.22"]
[EventType "tourn"]
[EventRounds "1"]
[EventCountry "POL"]
[SourceDate "2025.04.22"]

1. e4 d5 2. exd5 Nf6 3. Nf3 Nxd5 4. d4 Bg4 5. c4 Nf6 6. Be3 e6 7. h3 Bh5 8. Nc3
c6 9. Be2 Bb4 10. O-O Bd6 11. Ne5 Bxe2 12. Qxe2 Nbd7 13. Rad1 Qc7 14. Ng4 O-O
15. Bg5 Be7 16. Nxf6+ Bxf6 17. Ne4 Bxg5 18. Nxg5 Nf6 19. Nf3 Rad8 20. Qe5 Qe7
21. b3 Rd7 22. Rd3 Rfd8 23. a4 Ne8 24. Re1 Nc7 25. c5 Rd5 26. Qe3 f6 27. Nd2
Qd7 28. Nc4 Rxc5 29. dxc5 Qxd3 30. Nd6 Qxe3 31. Rxe3 Rd7 32. Rg3 Na6 33. Ne4
Kf8 34. Kf1 h6 35. Re3 f5 36. Nd6 Nxc5 37. Nc4 Ke7 38. Ne5 Rd5 39. Ng6+ Kf6 40.
Nf4 Rd4 41. g3 g6 42. h4 Rb4 43. Nd3 Nxd3 44. Rxd3 Ke5 45. Rf3 Rd4 46. Ke2 Kd5
47. Re3 Re4 48. Kd3 Rxe3+ 49. Kxe3 e5 50. f3 Kc5 51. g4 h5 52. gxh5 gxh5 53. f4
e4 54. Kd2 Kd4 55. Ke2 Kc3 56. Ke3 Kxb3 57. Kd4 Kxa4 0-1

[Event "303rd YMCA Spring D"]
[Site "Warsaw"]
[Date "2025.05.20"]
[Round "5"]
[White "Kozera, Konrad"]
[Black "Przybylik, Mariusz"]
[Result "1/2-1/2"]
[WhiteElo "1507"]
[BlackElo "1528"]
[PlyCount "141"]
[EventDate "2025.04.22"]
[EventType "tourn"]
[EventRounds "1"]
[EventCountry "POL"]
[SourceDate "2025.04.22"]

1. e4 c5 2. Nf3 d6 3. d4 cxd4 4. Nxd4 Nf6 5. Nc3 Nc6 6. Bc4 e6 7. f3 Be7 8. Be3
O-O 9. Qd2 d5 10. exd5 exd5 11. Be2 Bb4 12. O-O-O Re8 13. Nb3 Qe7 14. Bd4 Bxc3
15. Qxc3 Nxd4 16. Nxd4 Qe3+ 17. Qxe3 Rxe3 18. Bb5 a6 19. Ba4 b5 20. Bb3 Bb7 21.
Nf5 Re6 22. Rhe1 Rd8 23. Nd4 Rxe1 24. Rxe1 Kf8 25. a4 bxa4 26. Bxa4 g6 27. Re3
Nd7 28. Bc6 Nc5 29. Bxb7 Nxb7 30. Nc6 Rd6 31. Nb4 d4 32. Re1 Nc5 33. Re5 Ne6
34. Ra5 Nc7 35. Rc5 Rb6 36. Nc6 Ne6 37. Rc4 Nf4 38. g4 Ne2+ 39. Kd2 Ng1 40.
Nxd4 Rxb2 41. Kc3 Rb6 42. Rb4 Rf6 43. Rb1 Nh3 44. Kd3 Ng5 45. Ke3 a5 46. c3 Ra6
47. Rb5 Ne6 48. Kd3 Nxd4 49. Kxd4 a4 50. Rb2 Rf6 51. Rf2 a3 52. g5 Ra6 53. Ra2
Ke7 54. Kc4 Ra5 55. f4 Ra4+ 56. Kb3 Rxf4 57. Rxa3 Rf5 58. h4 Rf4 59. Ra4 Rf1
60. Rd4 f6 61. Rc4 fxg5 62. hxg5 Kd6 63. Rh4 Rg1 64. Rxh7 Rxg5 65. Rg7 Rb5+ 66.
Kc4 Rg5 67. Kd4 Rg4+ 68. Kd3 Rg3+ 69. Kd4 Rg4+ 70. Kd3 Rg3+ 71. Kd4 1/2-1/2